Mujeres tenían que ser : historia de nuestras desobedientes, incorrectas, rebeldes y luchadoras. desde los orígenes hasta 1930 /

Guardado en:
Autor Principal: Pigna, Felipe
Formato: Libro
Publicado: Buenos Aires : Booket, 2016
Series:Divulgación
Materias:
Etiquetas: Agregar Etiqueta
Sin Etiquetas, Sea el primero en etiquetar este registro!
LEADER 00946nam a22002295a 4500
001 CEM.cems014724
005 20160629163514.0
008 130507s2016##################000#0#####d
003 CEMS
020 |a 9789875807013 
082 0 4 |a 920 
100 1 |a Pigna, Felipe 
245 1 0 |a Mujeres tenían que ser :  |b historia de nuestras desobedientes, incorrectas, rebeldes y luchadoras. desde los orígenes hasta 1930 /  |c Felipe Pigna 
260 |a Buenos Aires :  |b Booket,  |c 2016 
300 |a 596 p. 
490 0 |a Divulgación 
505 0 |a Mujeres conquistadas -- Las mujeres en la colonia -- Mujeres en tiempos de revolución -- Guerras civiles, romanticismo y época de Rosas -- Las mujeres en la organización nacional --Las argentinas modernas -- Las mujeres en la Argentina actual 
653 |a Historia 
653 |a Historia argentina 
653 |a Historia de la mujer 
653 |a Mujer 
859 |a CEMS  |b BIB. CEMS - 11 de abril  |h 920  |i P622  |p 27317.16  |t Ej.1